000 00580nam a2200205Ii 4500
003 JO-AjNU
008 230606s9999||||xx |||||||||||||| ||und||
020 _a978-81-8052-240-6
040 _aJO-AjNU
_beng
_erda
_cJO-AjNU
041 _aeng
050 1 4 _aQA611.2010
100 3 _aGanesg,m,
_eauthor
_93869
245 0 0 _aTopology: Ageometric Approch
264 3 1 _anew delhi:a NE BOOK PVT,2010
300 _a195p
336 _atext
_btxt
_2rdacontent
337 _aunmediated
_bn
_2rdamedia
338 _avolume
_bnc
_2rdacarrier
650 4 _aTopology: Ageometric Approch
_93870
999 _aE2018
_c2017
_d2017